La harpe du nord: Ноты. Cahier № 6 (Запись № 13635038)

Подробности
000 -МАРКЕР
контрольное поле 07713ncm2a2200529 4500
001 - ИДЕНТИФИКАТОР ЗАПИСИ
контрольное поле RU\NLR\ONIZ\308272
005 - ИДЕНТИФИКАТОР ВЕРСИИ
контрольное поле 20260315072901.0
035 ## - ДРУГИЕ СИСТЕМНЫЕ НОМЕРА
Идентификатор записи (NLR Aleph) 022751155
100 ## - ДАННЫЕ ОБЩЕЙ ОБРАБОТКИ
Данные общей обработки 20250904d1824 u y0rusy50 ca
101 0# - ЯЗЫК РЕСУРСА
Язык текста, звукозаписи и т.д. русский
-- французский
Язык главного источника информации русский
-- французский
102 ## - СТРАНА ПУБЛИКАЦИИ ИЛИ ПРОИЗВОДСТВА
Страна публикации Российская Федерация
125 ## - ПОЛЕ КОДИРОВАННЫХ ДАННЫХ: ЗВУКОЗАПИСИ И НОТНЫЕ ИЗДАНИЯ
Форма изложения нотного текста x|
200 1# - ЗАГЛАВИЕ И СВЕДЕНИЯ ОБ ОТВЕТСТВЕННОСТИ
Основное заглавие Cahier № 6
Общее обозначение материала Ноты
203 ## - ВИД СОДЕРЖАНИЯ И ТИП СРЕДСТВА
Вид содержания Музыка
Дополнительные сведения об издании
--
Тип средства непосредственная
210 ## - ПУБЛИКАЦИЯ, РАСПРОСТРАНЕНИЕ И ДР.
Дата издания, распространения и т.д. 1824
215 ## - ФИЗИЧЕСКАЯ ХАРАКТЕРИСТИКА
Специфическое обозначение материала и объем 10 с.
225 1# - СЕРИЯ
Основное заглавие серии La harpe du nord
Обозначение тома 1824 Cah. 6
300 ## - ОБЩИЕ ПРИМЕЧАНИЯ
Текст примечания Цензура от 14 января 1824 г. Цензор Александр Красовский (с. 6).
313 ## - ПРИМЕЧАНИЯ, ОТНОСЯЩИЕСЯ К ТЕМАТИЧЕСКОМУ ДОСТУПУ
Текст примечания Систематизация документа проведена по изданию - Методика классифицирования музыкальных произведений (нотных изданий) по таблицам Библиотечно-библиографических классификаций : метод. рекомендации / Гос. б-ка СССР им. В.И. Ленина.- М., 1977. Индексу ББК методических рекомендаций присваивается код ББК для научных библиотек - LBC/SL
316 ## - ПРИМЕЧАНИЯ ОБ ОСОБЕННОСТЯХ ЭКЗЕМПЛЯРА
Организация и экземпляр, к которому относится поле NLR: М 970-4/С.280
Текст примечания Номер тетради и номер года выпуска журнала вписан от руки (тит. л.).
316 ## - ПРИМЕЧАНИЯ ОБ ОСОБЕННОСТЯХ ЭКЗЕМПЛЯРА
Связь между полями b01852
Организация и экземпляр, к которому относится поле NLR
Текст примечания Обрез крапчатый с синим напрыском.
316 ## - ПРИМЕЧАНИЯ ОБ ОСОБЕННОСТЯХ ЭКЗЕМПЛЯРА
Связь между полями b01852
Текст примечания Экз. М 970-4/С.280 (№ 85409). Припл. к: Cahier № 1. St. Petersbourg, 1824
Организация и экземпляр, к которому относится поле NLR
327 1# - ПРИМЕЧАНИЯ О СОДЕРЖАНИИ
Текст примечания № 1. Polonaise : [pour] piano-forte / comp. par Erneste de Rebentisch.
-- № 2. Valse de bohèmiens de l'opera ("Preciosa") : [pour] piano-forte / comp. par C. Maria de Weber.
-- № 3. Ecossaise : [pour] piano-forte / comp. par Alex. Tscherlizky.
-- № 4. La Tourterelle : "В стране природой оживленной..." : romance russe : [per] voce [e] piano-forte / mise en musique par ****** ; [paroles] de m-r Michel de Lermantoff.
-- № 5. Quadrille : [pour] piano-forte / comp. par m-r. de Laskowsky.
-- № 6. Anglaise : [pour] piano-forte / copm. par E. Rebentisch.
-- № 7. Ecossaise : [pour] piano-forte / comp. pa I. de Romanus.
-- № 8. Spiegeltanz de l'opera ("Silvana") : [pour] piano-forte / comp. par C. Maria de Weber.
-- № 9. Mazurka : [pour] piano-forte / comp. par Alex. Tscherlitzky
461 #0 - УРОВЕНЬ НАБОРА
Встроенное поле 001RU\NLR\ONIZ\308135
-- 2001#$aLa harpe du nord$bНоты$dСеверная арфа$zrus$ejournal de musique destiné uniquement à recueillir ce qu'il y aura de plus intéressant en fait de pièces fugitives,$fcomposées par les amateurs et les artistes demeurant en Russie: pour le chant, le piano, la harpe et la guitarre$gtrès humblement dédié à sa majesté I'impératrice règnante Elisabeth Alexiewna par l' éditeur Frédéric Satzenhoven$v
Системный номер (АБИС) связанной записи 13635009
Место публикации St. Petersbourg
Дата публикации [1821-1829]
Первые сведения об ответственности composées par les amateurs et les artistes demeurant en Russie: pour le chant, le piano, la harpe et la guitarre
Параллельное заглавие Северная арфа
Имя издателя, распространителя и т.д. Litographie de Frédéric Satzenhoven
Сведения, относящиеся к заглавию journal de musique destiné uniquement à recueillir ce qu'il y aura de plus intéressant en fait de pièces fugitives,
Заглавие La harpe du nord: Ноты
462 #0 - УРОВЕНЬ ПОДНАБОРА
Встроенное поле 001RU\NLR\ONIZ\308256
-- 2001#$aLa harpe du nord$e3-me année$d3-й год$zrus$v
Системный номер (АБИС) связанной записи 13635032
Дата публикации 1823-1824
Параллельное заглавие 3-й год
Сведения, относящиеся к заглавию 3-me année
Заглавие La harpe du nord: Ноты. - La harpe du nord
464 #0 - АНАЛИТИЧЕСКИЙ УРОВЕНЬ
Встроенное поле 2001#$aPolonaise$e[pour] piano-forte$fcomp. par Erneste de Rebentisch
-- 215##$aС.1-2.
-- 700#1$9z01790$aРебентишь$bЭ.$gЭрнест$cкомпозитор$fкон. 18 - 1-я пол. 19 в.$4230$7ca
-- 790#1$9z01700$aRebentisch$bE.$gErneste$cde Triqorsk.$ccomposer$fкон. 18 - 1-я пол.19 в.$4230$7ba
Заглавие Polonaise
Автор Ребентишь, Эрнест (композитор ; кон. 18 - 1-я пол. 19 в.)
464 #0 - АНАЛИТИЧЕСКИЙ УРОВЕНЬ
Встроенное поле 2001#$aValse de bohèmiens de l'opera ("Preciosa")$e[pour] piano-forte$fcomp. par C. Maria de Weber
-- 215##$aС.3-4.
-- 700#1$9z01790$aВебер$bК. М. фон$gКарл Мария фон$f1786-1826$4230$7ca
-- 790#1$9z01700$aWeber$bC. M. von$gCarl Maria von$f1786-1826$4230$7ba
Заглавие Valse de bohèmiens de l'opera ("Preciosa")
Автор Вебер, Карл Мария фон (1786-1826)
464 #0 - АНАЛИТИЧЕСКИЙ УРОВЕНЬ
Встроенное поле 2001#$aEcossaise$e[pour] piano-forte$fcomp. par Alex. Tscherlizky
-- 215##$aС.4.
-- 700#1$9z01790$aЧерлицкий$bА. И.$gАлекс[андр] И.$cкомпозитор$f2-я пол. 18 в. - 1-я пол. 19 в.$4230$7ca
-- 790#1$9z01700$aČerlickij$bA. I.$gAleksandr I.$ccomposer$f2-я пол. 18 в. - 1-я пол. 19 в.$4230$7ba
Заглавие Ecossaise
Автор Черлицкий, Алекс[андр] И. (композитор ; 2-я пол. 18 в. - 1-я пол. 19 в.)
464 #0 - АНАЛИТИЧЕСКИЙ УРОВЕНЬ
Встроенное поле 2001#$aLa Tourterelle$e"В стране природой оживленной..."$eromance russe$e[per] voce [e] piano-forte$fmise en musique par ******$g[paroles] de m-r Michel de Lermantoff
-- 215##$aС.5-6.
-- 700#1$9z01790$aЛермонтов$bМ. Ю.$gМихаил Юрьевич$f1814-1841$4520$7ca
-- 790#1$9z01700$aLermontov$bM. J.$gMichail Jur`evič$f1814-1841$4520$7ba
Заглавие La Tourterelle
Автор Лермонтов, Михаил Юрьевич (1814-1841)
464 #0 - АНАЛИТИЧЕСКИЙ УРОВЕНЬ
Встроенное поле 2001#$aQuadrille$e[pour] piano-forte$fcomp. par m-r. de Laskowsky
-- 215##$aС.7.
-- 700#1$9z01790$aЛасковский$bТ.$gТ.$cкомпозитор$fкон. 18 - сер. 19 вв.$4230$7ca
-- 790#1$9z01700$aLaskovskij$bTh.$gTh.$fкон. 18 - сер. 19 вв.$4230$7ba
Заглавие Quadrille
Автор Ласковский, Т. (композитор ; кон. 18 - сер. 19 вв.)
464 #0 - АНАЛИТИЧЕСКИЙ УРОВЕНЬ
Встроенное поле 2001#$aAnglaise$e[pour] piano-forte$fcopm. par E. Rebentisch
-- 215##$aС.8.
-- 700#1$9z01790$aРебентишь$bЭ.$gЭрнест$cкомпозитор$fкон. 18 - 1-я пол. 19 в.$4230$7ca
-- 790#1$9z01700$aRebentisch$bE.$gErneste$cde Triqorsk.$ccomposer$fкон. 18 - 1-я пол.19 в.$4230$7ba
Заглавие Anglaise
Автор Ребентишь, Эрнест (композитор ; кон. 18 - 1-я пол. 19 в.)
464 #0 - АНАЛИТИЧЕСКИЙ УРОВЕНЬ
Встроенное поле 2001#$aEcossaise$e[pour] piano-forte$fcomp. pa I. de Romanus
-- 215##$aС.8.
-- 700#1$9z01790$aРоманус$bИ. В.$gИван Васильевич$f1803-1861$4230$7ca
-- 790#1$9z01700$aRomanus$bI. V.$gIvan Vasil`evič$f1803-1861$4230$7ba
Заглавие Ecossaise
Автор Романус, Иван Васильевич (1803-1861)
464 #0 - АНАЛИТИЧЕСКИЙ УРОВЕНЬ
Встроенное поле 2001#$aSpiegeltanz de l'opera ("Silvana")$e[pour] piano-forte$fcomp. par C. Maria de Weber
-- 215##$aС.9-10.
-- 700#1$9z01790$aВебер$bК. М. фон$gКарл Мария фон$f1786-1826$4230$7ca
-- 790#1$9z01700$aWeber$bC. M. von$gCarl Maria von$f1786-1826$4230$7ba
Заглавие Spiegeltanz de l'opera ("Silvana")
Автор Вебер, Карл Мария фон (1786-1826)
464 #0 - АНАЛИТИЧЕСКИЙ УРОВЕНЬ
Встроенное поле 2001#$aMazurka$e[pour] piano-forte$fcomp. par Alex. Tscherlitzky
-- 215##$aС.10.
-- 700#1$9z01790$aЧерлицкий$bА. И.$gАлекс[андр] И.$cкомпозитор$f2-я пол. 18 в. - 1-я пол. 19 в.$4230$7ca
-- 790#1$9z01700$aTscherlizky$bA. I.$gAlexandr I.$f2-я пол. 18 в. - 1-я пол. 19 в.$4230$7ba
Заглавие Mazurka
Автор Черлицкий, Алекс[андр] И. (композитор ; 2-я пол. 18 в. - 1-я пол. 19 в.)
482 #0 - ПРИПЛЕТЕНО К
-- b01852
Встроенное поле 001RU\NLR\ONIZ\308257
-- 852##$aNLR$jМ 970-4/С.280$p85404$t1
Системный номер (АБИС) связанной записи 13635033
Дата публикации 1824
Физическая характеристика 10 с.
Заглавие La harpe du nord: Ноты. - Cahier № 1
686 0# - ИНДЕКСЫ ДРУГИХ КЛАССИФИКАЦИЙ
Индекс Щ943.4-42-043.3(28)я43
686 0# - ИНДЕКСЫ ДРУГИХ КЛАССИФИКАЦИЙ
Индекс Щ954.2-058(28)я43
686 0# - ИНДЕКСЫ ДРУГИХ КЛАССИФИКАЦИЙ
Индекс Щ954.2-072(28)я43
801 #0 - ИСТОЧНИК ЗАПИСИ
Страна Российская Федерация
Организация NLR
Дата составления 20250909
Правила каталогизации PSBO
801 #1 - ИСТОЧНИК ЗАПИСИ
Страна Российская Федерация
Организация NLR
Дата составления 20250909
Источник данных rusmarc
801 #2 - ИСТОЧНИК ЗАПИСИ
Страна Российская Федерация
Организация NLR
Дата составления 20260305
852 ## - МЕСТОНАХОЖДЕНИЕ И ШИФР ХРАНЕНИЯ
-- b01316
-- b01482
Идентификатор организации NLR
Шифр хранения (Call Number) М 970-4/С.280
Идентификатор единицы 85409
Номер экземпляра 1
942 ## - ДОПОЛНИТЕЛЬНЫЕ ЭЛЕМЕНТЫ ЗАПИСИ (АБИС)
Тип экземпляра АБИС Ноты
980 ## - КОЛЛЕКЦИЯ
Название коллекции Отдел нот и звукозаписей
980 ## - КОЛЛЕКЦИЯ
Название коллекции Национальная библиография

Нет доступных экземпляров.